00508cam a22001698a 4500008004100000020002200041100002000063245007600083260004100159300002500200504004100225500002000266650002500286003000100311005001700312040000900329  a032121076X (pbk.)1 aLevitin, Anany.10aIntroduction to the design and analysis of algorithms /cAnany Levitin. aBoston, MA :bAddison Wesley,c2003. axxiv, 497 p. ;24 cm. aIncludes bibliographical references. aIncludes index. 0aComputer algorithms.20230123134239.0 cNUST